Finite Element Method (Record no. 342442)

MARC details
000 -LEADER
fixed length control field 00495nam a2200181Ia 4500
008 - FIXED-LENGTH DATA ELEMENTS--GENERAL INFORMATION
fixed length control field 230718s9999 xx 000 0 und d
020 ## - INTERNATIONAL STANDARD BOOK NUMBER
International Standard Book Number 9789351071594
041 ## - LANGUAGE CODE
Language code of text/sound track or separate title eng
082 ## - DEWEY DECIMAL CLASSIFICATION NUMBER
Classification number 620.001535
Item number LIU
100 ## - MAIN ENTRY--PERSONAL NAME
Personal name Liu G.R.
9 (RLIN) 142985
245 ## - TITLE STATEMENT
Title Finite Element Method
Remainder of title A Practical Course
250 ## - EDITION STATEMENT
Edition statement 2nd ed.
260 ## - PUBLICATION, DISTRIBUTION, ETC. (IMPRINT)
Date of publication, distribution, etc. 2014
Name of publisher, distributor, etc. Elsevier
300 ## - PHYSICAL DESCRIPTION
Extent 433
365 ## - TRADE PRICE
Currency code Rs.
Price amount 465.00
700 ## - ADDED ENTRY--PERSONAL NAME
Personal name Liu G.R. & Quek S.S.
9 (RLIN) 188620
906 ## - LOCAL DATA ELEMENT F, LDF (RLIN)
d O:0519611-Jul-2016B:IN 29028-Jun-2016
c MECH
b 93
Holdings
Withdrawn status Lost status Damaged status Not for loan Home library Current library Date acquired Vendor Budget Code Cost, normal purchase price Bill number Total Checkouts Full call number Barcode Date last seen Discount Cost, replacement price Bill Date Koha item type Original Barcode
        Cummins College of Engineering for Women Pune Cummins College of Engineering for Women Pune 11/07/2016 Pradeep Book Distributors MECH 372.00 IN 290   620.001535 CCEP-BK-53649 18/07/2023 93 465.00 28/06/2016 Books 053649